| 000 | 00532 a2200205 4500 | ||
|---|---|---|---|
| 005 | 20260218104924.0 | ||
| 008 | 260217b |||||||| |||| 00| 0 eng d | ||
| 020 |
_a9789385883262 _cRs. 995.00 |
||
| 040 | _aMAIN | ||
| 082 |
_a621.381 _bS63D |
||
| 100 | _aShinde, V V | ||
| 245 | _aDigital electronics fundamentals | ||
| 260 |
_bStudera Press _c2026 _aNew Delhi |
||
| 300 | _axvi, 384 | ||
| 650 | _aDigital Electronics | ||
| 650 | _aElectronic Circuits | ||
| 650 | _aLogic Circuits | ||
| 700 | _aDhoble, S J | ||
| 942 | _cBK | ||
| 999 |
_c396403 _d396403 |
||